Historia de la fotografía en Guadalajara : las tarjetas de visita de Octaviano de la Mora /
Estudio sobre los retratos de tarjetas de visita que se realizaron en la sociedad tapatía durante la época porfiriana, en particular los tomados por Octaviano de la Mora. La autora se cuestiona cuáles eran los intereses de las personas en tomarse retratos fotográficos, cómo eran las dinámicas de los...
Salvato in:
| Autore principale: | |
|---|---|
| Natura: | Libro |
| Lingua: | spagnolo |
| Pubblicazione: |
Guadalajara, México :
edición de autor,
2006
|
| Soggetti: | |
| Tags: |
Nessun Tag, puoi essere il primo ad aggiungerne!!
|
MARC
| LEADER | 00000nam^a2200000^a^4500 | ||
|---|---|---|---|
| 001 | 000616223 | ||
| 005 | 20250626000000.0 | ||
| 009 | 20260310133716.441 | ||
| 037 | |a Acervo ITESO - Biblioteca | ||
| 041 | |a ESP | ||
| 082 | |a 770. 972 |b MOR ZER | ||
| 100 | |a Zermeño Martín del Campo, Tania Daniela |e (autor) | ||
| 245 | 1 | 0 | |a Historia de la fotografía en Guadalajara : |b las tarjetas de visita de Octaviano de la Mora / |c T.D. Zermeño Martín del Campo. |
| 264 | 1 | |a Guadalajara, México : |b edición de autor, |c 2006 | |
| 300 | |a 194 hojas ; |c 28.5 cm. | ||
| 336 | |a texto |b txt |2 rdacontenido | ||
| 337 | |a sin mediación |b n |2 rdamedio | ||
| 338 | |a volumen |b nc |2 rdasoporte | ||
| 520 | |a Estudio sobre los retratos de tarjetas de visita que se realizaron en la sociedad tapatía durante la época porfiriana, en particular los tomados por Octaviano de la Mora. La autora se cuestiona cuáles eran los intereses de las personas en tomarse retratos fotográficos, cómo eran las dinámicas de los estudios fotográficos de entonces, y cuáles eran las tendencias de la época. | ||
| 520 | |a Nacido en Atequiza en 1841 y muerto en la Ciudad de México en 1921, Octaviano de la Mora fue uno de los grandes pioneros de la fotografía mexicana, al lado de nombres como los Valleto, los Cruz y Campa y Romualdo García, entre otros. Formado en Guadalajara, donde se inició en el estudio de Justo Ibarra, en 1872 de la Mora viajó por Estados Unidos y Europa, de donde regresó con equipo de última generación y el saber esencial de que debía desarrollar su propia estética. Monta pronto su "salón de posiciones", primero en la capital jalisciense y a partir de 1890 en la Ciudad de México. Interesado en experimentar con la luz y la velocidad y en conseguir la expresión más espontánea posible de los retratados, frente a su lente desfiló gran parte de la sociedad de ambas ciudades, incluido el propio Porfirio Díaz. Su obra, verdadera obra de arte sin duda, es también y a la distancia, un testimonio antropológico sobre la clasista sociedad porfiriana. | ||
| 561 | |a Dedicatoria con la leyenda: Para J. Diego, con mucho cariño, gracias por toda tu ayuda papá postizo, besos, 15 de julio de 2006, firmado Tania Z. | ||
| 593 | |a Tesis de Maestría en Didáctica de las Artes, Universidad de Guadalajara | ||
| 649 | |a XX | ||
| 650 | |a Fotógrafos Jaliscienses | ||
| 650 | |a Fotógrafos Mexicanos | ||
| 650 | |a Retrato (Fotografía) - |z Jalisco - |x Historia y Crítica | ||
| 650 | |a Retrato (Fotografía) - |z México - |x Historia y Crítica | ||
| 650 | |a Fotografía y Sociedad - |z Jalisco - |x Historia y Crítica | ||
| 650 | |a Fotografía y Sociedad - |z México - |x Historia y Crítica | ||
| 650 | |a Fotografía Jalisciense - |x Historia y Crítica | ||
| 650 | |a Fotografía Jalisciense - |y Siglo XIX | ||
| 650 | |a Fotografía Jalisciense - |y Siglo XX | ||
| 650 | |a Fotografía Mexicana - |x Historia y Crítica | ||
| 650 | |a Fotografía Mexicana - |y Siglo XIX | ||
| 650 | |a Fotografía Mexicana - |y Siglo XX | ||
| 650 | |a Mora, Octaviano de la - |x Tema Principal | ||
| 910 | |a Fondo Castillo-Martínez | ||
| 920 | |a Impresos - Tesis Externas | ||
| 930 | |a Libros Antiguos y Raros | ||
| 905 | |a 108 | ||
| 901 | |a 616586-10 |b IT2 |c LRA |i D130043 |u 20250626 | ||
| 902 | |a https://opac.biblio.iteso.mx/vufind/Record/000616223 | ||